| 000 | 00759nam a2200217Ia 4500 | ||
|---|---|---|---|
| 003 | GCL | ||
| 008 | 140319s9999 xx 000 0 ara d | ||
| 040 |
_aGCL / _cGCL |
||
| 082 | 0 | 4 |
_a301.155 _bا ن |
| 100 | 1 | _aاسماعيل على سعد | |
| 245 | 1 | 0 |
_aنظرية القوة مبحث فى علم الاجتماع السياسى / _cاسماعيل على سعد |
| 260 |
_a[S.N] : _bدار المعرفة الجامعية ، _c1990 |
||
| 300 | _a340 ص | ||
| 490 |
_aعلم الاجتماع السياسى _v0 |
||
| 650 | 0 | 4 | _aالوضع الاجتماعى |
| 650 | 0 | 4 | _aالاجتماع السياسى |
| 650 | 0 | 4 | _aعلم النفس السياسى |
| 650 | 0 | 4 | _aصفوة المجتمع |
| 650 | 0 | 4 | _aاتخاذ القرارات |
| 942 |
_2ddc _cBK |
||
| 999 |
_c35870 _d35870 |
||